• 首页
  • 本馆介绍
  • 公告通知
  • 最新文献
  • 馆藏检索
  • 电子资源
  • 读者导购
  • 参考咨询
  • 我的图书馆
  • 登录
  • 详细信息显示
  • 放入我的书架
  • 预约/预借图书
  • 作者相关作品
  • 分类相关作品
  • 丛书相关作品
  • 出版社相关作品

书目信息

  • 表格格式
  • 工作单格式
  • 卡片格式
题名:
画说世界五千年
    
 
作者: 赵润宇 主编 ;段万翰 , 柏芳景 原著
分册: 第三卷  
出版信息: 石家庄   河北美术出版社  1993.1
页数: 312页
开本: 20cm
丛书名:
单 册:
中图分类: J228.4 , K109 , I287.8
科图分类:
主题词: 连环画--中国--现代 , 儿童文学--中国 , 儿童文学--中国--丛书 , 世界史--通俗读物
电子资源:
ISBN: 7-5310-0506-9
000 01029nam0 2200313 45
001 0193050932
005 20061111094644.31
010    @a7-5310-0506-9@b精装@dCNY12.30
100    @a19931108d1993 am y0chiy0121 ea
101 0  @achi
102    @aCN@b130000
105    @aa t 000yy
200 10 @a画说世界五千年@AHUA SHUO SHI JIE WU QIAN NIAN@h第三卷@e连环画@ELIAN HUAN HUA@f赵润宇主编@FZHAO RUN YU ZHU BIAN@g段万翰等原著@g柏芳景等绘画
210    @a石家庄@c河北美术出版社@d1993.1
215    @a312页@d20cm
330    @a本套画册是由几百个以重大历史事件为线索而编成的历史故事。
540 1  @a世界 五千年@ASHI JIE WU QIAN NIAN
606    @a连环画@y中国@z现代
606 0  @a儿童文学@x中国
606 0  @a儿童文学@x中国@x丛书
606    @a世界史@x通俗读物
690    @aJ228.4@v三版
690    @aK109@v三版
690    @aI287.8@v3
701  0 @a赵润宇@AZHAO RUN YU@4主编
702  0 @a段万翰@ADUAN WAN HAN@4原著
702  0 @a柏芳景@ABO FANG JING@4绘画
801  0 @aCN@bTSSF@c20061111
905    @a10447@dI287.8@e189:3
    
    画说世界五千年.第三卷:连环画/赵润宇主编/段万翰等原著/柏芳景等绘画.-石家庄:河北美术出版社,1993.1
    312页;20cm
    
    
    ISBN 7-5310-0506-9(精装):CNY12.30
    本套画册是由几百个以重大历史事件为线索而编成的历史故事。
●
相关链接 在E读中查询图书 在五车中查询图书 在当当中查询图书 在豆瓣中查询图书


正题名:画说世界五千年     索取号:I287.8/189:3         预约/预借

序号 登录号 条形码 馆藏地/架位号 状态 备注
1 0261316   000896043   第一样本阅览室/ [索取号:I287.8/189:3] 在馆    
唐山师范学院图书馆 欢迎您!
大连网信软件有限公司© 版权所有